000 00280nam a22001337a 4500
008 190125b xxu||||| |||| 00| 0 eng d
020 _a0-669-069124
041 _aeng
080 _a53
100 _a43
101 _aFIZ
245 _aPhysics
_cSchman H.Uri
942 _2udc
_cBK
999 _c53811
_d53811